Govt. of
Madhya Pradesh

International Relation (Record no. 33944)

MARC details
000 -LEADER
fixed length control field 004430000a22001810004500
003 - CONTROL NUMBER IDENTIFIER
control field MACL
005 - DATE AND TIME OF LATEST TRANSACTION
control field 20151230125042.0
008 - FIXED-LENGTH DATA ELEMENTS--GENERAL INFORMATION
fixed length control field 151230b xxu||||| |||| 00| 0 eng d
040 ## - CATALOGING SOURCE
Original cataloging agency MACL
Transcribing agency MACL
041 ## - LANGUAGE CODE
Language code of text/sound track or separate title English
082 ## - DEWEY DECIMAL CLASSIFICATION NUMBER
Classification number 303.428/SET
100 ## - MAIN ENTRY--PERSONAL NAME
Personal name Sethi, Dr R R
9 (RLIN) 24215
245 ## - TITLE STATEMENT
Title International Relation
Remainder of title To 1945
260 ## - PUBLICATION, DISTRIBUTION, ETC. (IMPRINT)
Name of publisher, distributor, etc. Bookhive Publishers
350 ## - PRICE (NR) (BK AM CF MU VM SE) [OBSOLETE]
Price 12
650 ## - SUBJECT ADDED ENTRY--TOPICAL TERM
Topical term or geographic name as entry element Sociology
9 (RLIN) 24786
942 ## - ADDED ENTRY ELEMENTS (KOHA)
Koha item type Books
Call number prefix 303.482/SET
Source of classification or shelving scheme
Holdings
Withdrawn status Lost status Source of classification or shelving scheme Damaged status Not for loan Home library Current library Date acquired Total Checkouts Full call number Barcode Date last seen Uniform Resource Identifier Price effective from Koha item type
          MACL MACL 15/04/2015   303.482/SET CLE016037 29/04/2015 34147 15/04/2015 Books